| 000 | 00664nam a2200193Ia 4500 | ||
|---|---|---|---|
| 003 | GCL | ||
| 008 | 140319s9999 xx 000 0 ara d | ||
| 040 |
_aGCL / _cGCL |
||
| 082 | 0 | 4 |
_a891.73 _bر م |
| 100 | 1 | _aاشرف الصباغ | |
| 245 | 1 | 0 |
_aالمهلة الاخيرة / _cاشرف الصباغ |
| 700 | 1 | _aراسبوتين، فالنتين | |
| 260 |
_aالقاهرة : _bالمجلس الاعلى للثقافة ، _c2000 |
||
| 300 |
_a264 ص ؛ _c20 سم |
||
| 490 |
_aالمشروع القومى للترجمة _v196 |
||
| 650 | 0 | 4 | _aالقصص الروسية المترجمة |
| 650 | 0 | 4 | _aالادب الروسى المترجم |
| 942 |
_2ddc _cBK |
||
| 999 |
_c56389 _d56389 |
||